000 00821 a2200253 4500
999 _c200129862
_d31289
001 200129862
003 TR-AnTOB
005 20231206141242.0
008 130618s tu 000 0
040 _aTR-AnTOB
_cTR-AnTOB
_beng
_erda
041 _atur
050 _aHG4551
_bT87 2010
090 _aHG4551. T87 2010
110 _aTürkiye.
_bHazine Müsteşarlığı
_940985
245 0 _aTürkiye yatırım danışma konseyi ilerleme raporu 2009 /
_cYatırım Danışma Konseyi.
264 1 _aAnkara:
_bHazine Müsteşarlığı,
_c2010.
300 _a107 p.;
_c27 cm.+
_eCD
650 0 _aYatırımlar
_xDevlet politikası
_zTürkiye
_952866
650 _aInvestments
_zTurkey
_931841
650 _aInvestments, Foreign
_zTurkey
_9114984
650 _aYatırımlar, Dış
_zTürkiye
_949728
942 _cBK
_2lcc